| 000 | 00900nam a2200277 a 4500 | ||
|---|---|---|---|
| 001 | 52084 | ||
| 003 | BD-RjUL | ||
| 005 | 20211209075742.0 | ||
| 008 | 160905s1966 gw b 000 0 eng | ||
| 035 | _a(BD-RjUL)52204 | ||
| 040 |
_aDLC _cDLC _dDLC _dBD-RjUL _beng |
||
| 041 | _aeng | ||
| 082 | 0 | 0 |
_223 _a515.73 _bFRC 1966 |
| 100 | 1 |
_aFrölicher, Alfred. _9155772 |
|
| 245 | 1 | 0 |
_aCalculus in vector spaces without norm / _c[by] A. Frölicher [and] W. Bucher. |
| 260 |
_aBerlin ; _aNew York: _bSpringer-Verlag, _c1966. |
||
| 300 |
_ax, 146 p. ; _c28 cm. |
||
| 490 | 1 | _aLecture notes in mathematics, 30 | |
| 504 | _aBibliography: p. 146. | ||
| 650 | 0 |
_aLinear topological spaces. _9151067 |
|
| 650 | 0 |
_aCalculus. _9155773 |
|
| 700 | 1 |
_aBucher, W., _ejoint author. _9155774 |
|
| 830 | 0 |
_aLecture notes in mathematics (Springer-Verlag) ; _v30. _9155780 |
|
| 942 |
_2ddc _cBK |
||
| 999 |
_c52084 _d52084 |
||